000 00199 a2200097 4500
001 1709
100 _aFrench, T.E.
245 _aMechanical Drawing
260 _a
_bMcgrawhill
_c
090 _c1246
_d1246
942 _aNUST-CAE
_cM
_c2736
999 _c236782
_d236782